000 01000nas a2200349 4500
001 BR2015005785
003 BR-BrBNA
005 20231205125801.0
007 ta
008 230509b bl.|||p| |||| 00| 00por d
040 _aBR-BrBNA
_bpor
_cBiblioteca Nacional de Agricultura
041 _a(Pt)
072 _aQ04
100 1 _aSanta Rosa, R.M.S.
100 1 _aAbreu, L.F.
100 1 _aSantos, L.P.
100 1 _aErmita, P.A.N.
100 1 _aSilva, F.E.R. da
100 1 _aCortez, M.A.S.
245 1 _aIogurte de leite de búfala com polpas de frutas da Amazônia
650 _aBÚFALO
650 _aLEITE
650 _aIOGURTE
650 _aPOLPA DE FRUTA
650 _aCOMPOSIÇÃO QUÍMICA
650 _aVITAMINA C
650 _aANÁLISE ORGANOLÉPTICA
650 _aVALOR NUTRITIVO
773 0 _tHigiene Alimentar (Brazil)
_xISSN 0101-9171
_g(Mar-Apr 2015), v. 29(242-243) p. 145-148
_wBR2015005785
909 _a202311
_bLúcia
_c55
_dLúcia Elande
942 _2AGRIS
_n0
_cANA
999 _c246123
_d246123